000 00495nam a2200133Ia 4500
008 100328s9999 xx 000 0 und d
082 _b72013
100 _aकुलकर्णी अनिल रघुनाथ.
245 _aतळ्याकाठच्या सावल्या
260 _bब्लू बर्ड.
630 _aतळ्याकाठच्या सावल्या
730 _aतळ्याकाठच्या सावल्या
942 _cBOOK
999 _c557736
_d557733